| 000 | 00401nam a22001337a 4500 | ||
|---|---|---|---|
| 082 |
_a894.812 _bPAU/T |
||
| 100 | _aVARGHESE PAUL | ||
| 245 | _a1001 PODIKAIKAL | ||
| 260 |
_aTHRISSUR _bAKSHAYA PUBLICATION _c2011 |
||
| 300 | _a95 | ||
| 520 | _aPARIMITHA JEEVITHA SAAHACHARYANGALIL NINNU PARAMAVADHI JEEVITHA SAMPTHRIPTHIKAAYU PARISHRAMIKUNAVARKU VENDI | ||
| 650 |
_aRESULT OF HARDWORK _zKERALA |
||
| 942 | _cBK | ||
| 999 |
_c979 _d979 |
||